[Event "1. OEsterreichische Internet Schach Meisterschaft - Vorrunde 2"]
[Site "Online - Playchess.com"]
[Date ""]
[Round "2"]
[Board "2"]
[White "Shengelia, David"]
[Black "Pilshofer, Paul"]
[Result "1-0"]
[WhiteElo "2544"]
[BlackElo "1715"]
[PlyCount "107"]
[EventDate "2020.04.13"]
[EventRounds "9"]
[EventCountry "AUT"]

1. d4 d5 2. Nf3 Nf6 3. c4 e6 4. e3 Nbd7 5. Nc3 c6 6. Qc2 Bd6 7. b3 O-O 8. Bb2 e5
9. cxd5 cxd5 10. dxe5 Nxe5 11. Nxe5 Bxe5 12. Be2 Be6 13. f4 Bxc3+ 14. Qxc3 Rc8 15.
Qd4 Qa5+ 16. b4 Qb6 17. O-O Qxd4 18. Bxd4 b6 19. Ba6 Rc2 20. Rfc1 Rxc1+ 21. Rxc1
Ne4 22. Rc7 Ra8 23. h3 Nd6 24. g4 Bc8 25. Bxc8 Rxc8 26. Rxa7 Rc1+ 27. Kg2 h6 28.
Bxb6 Ne4 29. Rc7 Re1 30. Rc2 Rb1 31. Bc5 Kh7 32. a4 Ra1 33. a5 Ra3 34. Bd4 Ra4 35.
Rb2 Nd6 36. b5 Rxa5 37. b6 Ra8 38. Be5 Nb7 39. Rc2 Ra3 40. Rc7 Ra2+ 41. Kf1 Na5 42.
Rxf7 Kg8 43. Rxg7+ Kf8 44. b7 Nxb7 45. Rxb7 Rc2 46. h4 Rc1+ 47. Ke2 Rc2+ 48. Kd3
Rg2 49. g5 hxg5 50. hxg5 Rg4 51. Kd4 Rg3 52. Kxd5 Rxe3 53. Ke6 Ra3 54. Rb8#  1-0

[Event "1. OEsterreichische Internet Schach Meisterschaft - Vorrunde 2"]
[Site "Online - Playchess.com"]
[Date ""]
[Round "2"]
[Board "3"]
[White "Froewis, Georg"]
[Black "Brod, Manfred"]
[Result "1-0"]
[WhiteElo "2457"]
[BlackElo "2211"]
[PlyCount "47"]
[EventDate "2020.04.13"]
[EventRounds "9"]
[EventCountry "AUT"]

1. Nf3 c5 2. e3 Nc6 3. d4 cxd4 4. exd4 d5 5. c3 g6 6. Bf4 Bg7 7. Bd3 Nf6 8. O-O O-O
9. Re1 Bf5 10. Ne5 Bxd3 11. Qxd3 Ne4 12. Nxc6 bxc6 13. Nd2 Nxd2 14. Qxd2 e6 15. Be5
Bxe5 16. Rxe5 Qd6 17. h4 f6 18. Re3 h5 19. Rae1 Rae8 20. Qe2 Kf7 21. b3 c5 22. dxc5
Qxc5 23. Rxe6 Qc7 24. Rxe8  1-0

[Event "1. OEsterreichische Internet Schach Meisterschaft - Vorrunde 2"]
[Site "Online - Playchess.com"]
[Date ""]
[Round "2"]
[Board "4"]
[White "Schweda, Roland"]
[Black "Wiedermann, Daniel"]
[Result "1-0"]
[WhiteElo "2444"]
[BlackElo "2048"]
[PlyCount "80"]
[EventDate "2020.04.13"]
[EventRounds "9"]
[EventCountry "AUT"]

1. d4 Nf6 2. c4 g6 3. Nc3 Bg7 4. e4 O-O 5. Nf3 d6 6. Be2 e5 7. d5 a5 8. Bg5 h6 9.
Bh4 Na6 10. Nd2 Bd7 11. a3 Qe8 12. b3 Nh7 13. Rb1 f5 14. f3 Bf6 15. Bf2 b6 16. b4
axb4 17. axb4 Bg5 18. Rb2 Rf7 19. Qb1 Nf6 20. Bd3 Bxd2+ 21. Rxd2 fxe4 22. Nxe4 Nxe4
23. Bxe4 Bf5 24. O-O Bxe4 25. fxe4 Qd7 26. Ra2 Rff8 27. Qb2 c5 28. dxc6 Qxc6 29.
b5 Qxe4 30. bxa6 Qxc4 31. a7 b5 32. Rb1 Qf4 33. Qxb5 e4 34. Qd5+ Rf7 35. Qxa8+ Kg7
36. Qd5 e3 37. Bg3 Qf6 38. Qxf7+ Qxf7 39. a8=Q e2 40. Rxe2 Qf5  1-0

[Event "1. OEsterreichische Internet Schach Meisterschaft - Vorrunde 2"]
[Site "Online - Playchess.com"]
[Date ""]
[Round "2"]
[Board "5"]
[White "Schnider, Gert"]
[Black "Kapferer, Romed"]
[Result "1-0"]
[WhiteElo "2423"]
[BlackElo "2081"]
[PlyCount "89"]
[EventDate "2020.04.13"]
[EventRounds "9"]
[EventCountry "AUT"]

1. e4 c6 2. c4 d5 3. cxd5 cxd5 4. exd5 Qxd5 5. Nc3 Qd8 6. Nf3 Nc6 7. d4 e6 8. Bd3
Nf6 9. O-O Be7 10. Re1 Nb4 11. Bb1 Nbd5 12. Qd3 b6 13. a3 Bb7 14. Bg5 Rc8 15. Ne5
Nxc3 16. bxc3 Nd5 17. Bd2 Bf6 18. Qh3 Bxe5 19. Rxe5 Ne7 20. Bd3 Nc6 21. Rh5 h6 22.
Re1 Ne7 23. Qg3 g6 24. Rhe5 Nc6 25. R5e2 Kf8 26. Bxg6 Qf6 27. Be4 Na5 28. Bxb7 Nxb7
29. Bf4 Qg6 30. Qxg6 fxg6 31. Rxe6 Rh7 32. Rxg6 Nd8 33. Rg3 Nf7 34. h4 Re8 35. Rxe8+
Kxe8 36. Kf1 Kd7 37. Re3 Kc6 38. Ke2 Nd8 39. Kd3 Nb7 40. c4 h5 41. Re6+ Kd7 42. Rh6
Rf7 43. g3 Nd8 44. Rxh5 Ne6 45. Be3  1-0

[Event "1. OEsterreichische Internet Schach Meisterschaft - Vorrunde 2"]
[Site "Online - Playchess.com"]
[Date ""]
[Round "2"]
[Board "6"]
[White "Sulzbacher, Michael"]
[Black "Poetz, Florian"]
[Result "0-1"]
[WhiteElo "2018"]
[BlackElo "2422"]
[PlyCount "94"]
[EventDate "2020.04.13"]
[EventRounds "9"]
[EventCountry "AUT"]

1. b3 c5 2. Bb2 b6 3. f4 Bb7 4. Nf3 Nf6 5. e3 e6 6. a4 a6 7. Ne5 d6 8. Nf3 Be7 9.
Be2 Nbd7 10. O-O O-O 11. c4 Ne8 12. d4 Bf6 13. Nbd2 g6 14. Qc2 cxd4 15. exd4 Bg7
16. Rad1 Qc7 17. Ne4 d5 18. Ng3 dxc4 19. Bxc4 Nd6 20. Ba3 Rfd8 21. Bxd6 Qxd6 22.
Qd2 Nf6 23. h3 Nd5 24. Ne5 Nxf4 25. Nxf7 Nxh3+ 26. Kh1 Qxg3 27. Nxd8 Rxd8 28. Bxe6+
Kh8 29. Bxh3 Qxh3+ 30. Kg1 Qg3 31. Qf2 Bxd4 32. Rxd4 Qxf2+ 33. Rxf2 Rxd4 34. Re2
Bd5 35. Re8+ Kg7 36. Re7+ Kf6 37. Rd7 Ke6 38. Rxh7 Bxb3 39. a5 bxa5 40. Kf2 a4 41.
Ke3 Rg4 42. Ra7 Bc4 43. Kf3 Rd4 44. Ke3 Rd3+ 45. Ke4 a3 46. Rb7 a2 47. Rb6+ Rd6  0-1

[Event "1. OEsterreichische Internet Schach Meisterschaft - Vorrunde 2"]
[Site "Online - Playchess.com"]
[Date ""]
[Round "2"]
[Board "7"]
[White "Neubauer, Martin"]
[Black "Ofner, Maximilian"]
[Result "1/2-1/2"]
[WhiteElo "2421"]
[BlackElo "2177"]
[PlyCount "90"]
[EventDate "2020.04.13"]
[EventRounds "9"]
[EventCountry "AUT"]

1. e4 c6 2. d4 d5 3. Nd2 dxe4 4. Nxe4 Bf5 5. Ng3 Bg6 6. Nf3 Nd7 7. Bd3 e6 8. O-O
Ngf6 9. b3 Be7 10. Bb2 O-O 11. Bxg6 hxg6 12. Qe2 c5 13. c4 cxd4 14. Nxd4 a6 15. Rad1
Qc7 16. Rfe1 Bc5 17. Ne4 Nxe4 18. Qxe4 Nf6 19. Qh4 Rad8 20. Nf3 Rxd1 21. Rxd1 Rd8
22. Rxd8+ Qxd8 23. h3 Qd1+ 24. Kh2 Qe2 25. Bd4 Bxd4 26. Qxd4 Nh7 27. Ne5 Nf8 28.
a4 f6 29. Nd7 Nxd7 30. Qxd7 Qe5+ 31. g3 Qe4 32. Qd2 g5 33. c5 g4 34. hxg4 Qxg4 35.
b4 Qe4 36. b5 Qxa4 37. c6 bxc6 38. b6 Qb5 39. Qd8+ Kh7 40. Qc7 Qh5+ 41. Kg2 Qd5+
42. Kf1 Qd1+ 43. Kg2 Qd5+ 44. Kh2 Qh5+ 45. Kg2 Qd5+  1/2-1/2

[Event "1. OEsterreichische Internet Schach Meisterschaft - Vorrunde 2"]
[Site "Online - Playchess.com"]
[Date ""]
[Round "2"]
[Board "8"]
[White "Waldner, Alois"]
[Black "Schneider-Zinner, Harald"]
[Result "1-0"]
[WhiteElo "2018"]
[BlackElo "2381"]
[PlyCount "85"]
[EventDate "2020.04.13"]
[EventRounds "9"]
[EventCountry "AUT"]

1. e4 e5 2. Nf3 d6 3. d4 exd4 4. Nxd4 Nf6 5. Nc3 Be7 6. Be2 O-O 7. Be3 Re8 8. f3
d5 9. e5 c5 10. Ndb5 d4 11. exf6 Bxf6 12. Bf4 dxc3 13. Qxd8 Bxd8 14. bxc3 Nc6 15.
c4 Be6 16. Kf2 Bf6 17. Rad1 Nd4 18. Nxd4 Bxd4+ 19. Kg3 Rad8 20. Bd3 Rd7 21. Rb1 f6
22. h4 g6 23. Rb5 Kf7 24. Rhb1 b6 25. a4 Bc3 26. R5b3 Bb4 27. Rh1 Rd4 28. Be3 Bxc4
29. Bxd4 Bxb3 30. Bxf6 Kxf6 31. cxb3 Re3 32. Bc4 Bc3 33. h5 g5 34. Kg4 Bd4 35. Rd1
a6 36. Rd3 Re2 37. Rxd4 Rxg2+ 38. Kh3 Rf2 39. Rd6+ Ke5 40. Rxb6 Rxf3+ 41. Kg4 Rf2
42. Kxg5 Rg2+ 43. Kh6  1-0

[Event "1. OEsterreichische Internet Schach Meisterschaft - Vorrunde 2"]
[Site "Online - Playchess.com"]
[Date ""]
[Round "2"]
[Board "9"]
[White "Mira, Helene"]
[Black "Freitag, Manfred"]
[Result "1/2-1/2"]
[WhiteElo "2082"]
[BlackElo "2356"]
[PlyCount "92"]
[EventDate "2020.04.13"]
[EventRounds "9"]
[EventCountry "AUT"]

1. d4 Nf6 2. Nf3 g6 3. c4 Bg7 4. Nc3 d5 5. Qa4+ Bd7 6. Qb3 dxc4 7. Qxc4 O-O 8. e4
Na6 9. Bf4 c5 10. d5 e6 11. O-O-O Qb6 12. Qb3 exd5 13. exd5 Nb4 14. Ne5 Bf5 15. Bd3
Nxd3+ 16. Nxd3 c4 17. Qxb6 axb6 18. Ne5 Ne4 19. Nxe4 Bxe4 20. f3 Bf5 21. g4 Bd3 22.
Nxd3 cxd3 23. Kb1 Rfc8 24. Rxd3 Ra4 25. Bd2 Rd8 26. Rc1 h5 27. h3 hxg4 28. hxg4 Rd7
29. d6 Be5 30. Rc8+ Kg7 31. Bc3 Bxc3 32. bxc3 Kf6 33. Rc7 Ke6 34. Rxd7 Kxd7 35. Kb2
Rf4 36. Kb3 b5 37. a3 f6 38. Rd5 Rxf3 39. Rxb5 Kxd6 40. Rxb7 Rf4 41. Rb4 Rf1 42.
a4 Kc5 43. Rb5+ Kc6 44. Rb4 Kc5 45. Rb5+ Kc6 46. Rb4 Kc5  1/2-1/2

[Event "1. OEsterreichische Internet Schach Meisterschaft - Vorrunde 2"]
[Site "Online - Playchess.com"]
[Date ""]
[Round "2"]
[Board "10"]
[White "Trippold, Denise"]
[Black "Alvir, Aco"]
[Result "0-1"]
[WhiteElo "2150"]
[BlackElo "2355"]
[PlyCount "96"]
[EventDate "2020.04.13"]
[EventRounds "9"]
[EventCountry "AUT"]

1. d4 Nf6 2. c4 g6 3. Nc3 Bg7 4. e4 O-O 5. Nf3 d6 6. h3 c5 7. d5 e6 8. Bd3 exd5 9.
cxd5 a6 10. a4 b6 11. O-O Ra7 12. Bf4 Rd7 13. Re1 Re8 14. Bh2 Rde7 15. Qd2 Qc7 16.
Bc2 Nfd7 17. Kh1 Bb7 18. Rad1 f6 19. Qc1 Nf8 20. Nd2 Nbd7 21. Nc4 Ne5 22. Na3 g5
23. Ne2 Nfg6 24. Ng3 Bc8 25. f3 Bd7 26. Qb1 b5 27. axb5 axb5 28. b4 c4 29. Qc1 Nf4
30. Qe3 f5 31. Nb1 Nfd3 32. Rf1 f4 33. Qe2 fxg3 34. Bxg3 Nxb4 35. Nc3 Nxc2 36. Qxc2
b4 37. Ne2 b3 38. Qc1 h6 39. Nd4 Qc5 40. Bf2 Nd3 41. Rxd3 cxd3 42. Qxc5 dxc5 43.
Nxb3 c4 44. Nc1 Bb5 45. d6 Rd7 46. Bc5 c3 47. Nb3 Ba4 48. Na5 d2  0-1

[Event "1. OEsterreichische Internet Schach Meisterschaft - Vorrunde 2"]
[Site "Online - Playchess.com"]
[Date ""]
[Round "2"]
[Board "11"]
[White "Werdecker, Roland"]
[Black "Morgunov, Marc"]
[Result "0-1"]
[WhiteElo "1960"]
[BlackElo "2341"]
[PlyCount "74"]
[EventDate "2020.04.13"]
[EventRounds "9"]
[EventCountry "AUT"]

1. d4 Nf6 2. Nf3 g6 3. g3 Bg7 4. Bg2 O-O 5. O-O d6 6. Nbd2 Nbd7 7. e4 c6 8. Re1 Qc7
9. c3 a5 10. a4 b6 11. h3 Ba6 12. Qc2 e5 13. b3 Rfe8 14. Ba3 Rad8 15. Rad1 Qb8 16.
Nf1 d5 17. exd5 Nxd5 18. c4 Nb4 19. Bxb4 axb4 20. Nxe5 Nxe5 21. dxe5 Rxd1 22. Qxd1
Qc7 23. f4 Bf8 24. Ne3 Bc5 25. Kh2 Rd8 26. Qf3 Rd3 27. Nd5 cxd5 28. Qxd3 dxc4 29.
bxc4 Bxc4 30. Qf3 b3 31. Rc1 Be6 32. Qa8+ Kg7 33. Qc6 Qa7 34. Rb1 Qa5 35. Bd5 Qd2+
36. Kh1 Bxd5+ 37. Qxd5 Qxd5+  0-1

[Event "1. OEsterreichische Internet Schach Meisterschaft - Vorrunde 2"]
[Site "Online - Playchess.com"]
[Date ""]
[Round "2"]
[Board "12"]
[White "Platzgummer, Fabian"]
[Black "Huber, Guenther"]
[Result "1-0"]
[WhiteElo "2336"]
[BlackElo "1979"]
[PlyCount "55"]
[EventDate "2020.04.13"]
[EventRounds "9"]
[EventCountry "AUT"]

1. Nf3 b6 2. g3 Bb7 3. Bg2 e6 4. O-O Nf6 5. c4 Be7 6. d4 O-O 7. d5 exd5 8. Nh4 c6
9. cxd5 Nxd5 10. Nf5 Bf6 11. e4 Ne7 12. Nd6 Qc7 13. Re1 Be5 14. Bf4 Bxf4 15. gxf4
Nc8 16. e5 a5 17. Nc3 Ne7 18. Rc1 Na6 19. Nce4 Qb8 20. f5 Nd5 21. f6 Nc5 22. Qg4
Ne6 23. Ng5 Ndc7 24. Nxh7 Kxh7 25. Rc3 Rh8 26. Qh5+ Kg8 27. Qxf7+ Kh7 28. Rh3#  1-0

[Event "1. OEsterreichische Internet Schach Meisterschaft - Vorrunde 2"]
[Site "Online - Playchess.com"]
[Date ""]
[Round "2"]
[Board "13"]
[White "Hechl, Gerald"]
[Black "Janes, Christian"]
[Result "1-0"]
[WhiteElo "2333"]
[BlackElo "1740"]
[PlyCount "87"]
[EventDate "2020.04.13"]
[EventRounds "9"]
[EventCountry "AUT"]

1. d4 d5 2. Nc3 Nf6 3. Bf4 e6 4. Nb5 Bd6 5. Nxd6+ cxd6 6. e3 O-O 7. Nf3 Re8 8. Be2
Nc6 9. c3 e5 10. Bg5 e4 11. Nd2 h6 12. Bh4 Re6 13. O-O Qe8 14. Qb3 Na5 15. Qb4 b6
16. Qb5 Bd7 17. Qb4 a6 18. a4 Nc6 19. Qa3 b5 20. axb5 Ne7 21. bxa6 Bb5 22. Bxb5 Qxb5
23. Qb3 Qd3 24. Qb7 Re8 25. a7 Kh7 26. a8=Q Rxa8 27. Qxa8 Qxd2 28. Qf8 Nf5 29. Bg3
Kg6 30. Qb8 Nxg3 31. hxg3 Qe2 32. Ra7 Qh5 33. Qf8 Kh7 34. Qxf7 Qxf7 35. Rxf7 Ng4
36. Ra1 Rg6 37. Raa7 Rg5 38. b4 h5 39. b5 Kg6 40. Rxg7+ Kf5 41. Raf7+ Nf6 42. Rxg5+
Kxg5 43. Rxf6 Kxf6 44. b6  1-0

[Event "1. OEsterreichische Internet Schach Meisterschaft - Vorrunde 2"]
[Site "Online - Playchess.com"]
[Date ""]
[Round "2"]
[Board "14"]
[White "Wukits, Rene"]
[Black "Frank, Emanuel"]
[Result "1-0"]
[WhiteElo "2312"]
[BlackElo "2271"]
[PlyCount "153"]
[EventDate "2020.04.13"]
[EventRounds "9"]
[EventCountry "AUT"]

1. d4 d5 2. c4 e6 3. Nc3 c6 4. Nf3 dxc4 5. e3 b5 6. a4 Bb4 7. Bd2 a5 8. axb5 Bxc3
9. Bxc3 cxb5 10. b3 Bb7 11. bxc4 b4 12. Bb2 Nf6 13. c5 O-O 14. Bb5 Ne4 15. O-O Nc6
16. Qa4 Qc7 17. Rfc1 Ne7 18. c6 Bc8 19. Ne5 Nd5 20. Nd7 Rd8 21. f3 Nec3 22. Bxc3
Nxc3 23. Rxc3 bxc3 24. Nc5 e5 25. Qc4 exd4 26. exd4 Qd6 27. Rd1 Be6 28. Qxc3 Bd5
29. Nb7 Qb4 30. Qxb4 axb4 31. Nxd8 Rxd8 32. Re1 Kf8 33. c7 Rc8 34. Bd7 Ra8 35. c8=Q+
Rxc8 36. Bxc8 b3 37. Bd7 f6 38. Re8+ Kf7 39. Rb8 Ke7 40. Ba4 Kd6 41. Bxb3 Kc7 42.
Rb4 Bc6 43. Kf2 Kd6 44. Ke3 g5 45. Rb6 Kc7 46. Rxc6+ Kxc6 47. d5+ Kd6 48. Kd4 h6
49. g4 Kd7 50. Kc5 Kc7 51. d6+ Kd7 52. Kd5 Kd8 53. Ke6 Ke8 54. Kxf6 Kd7 55. Ke5 Kd8
56. Ba4 h5 57. gxh5 g4 58. fxg4 Kc8 59. Ke6 Kd8 60. g5 Kc8 61. Ke7 Kb7 62. d7 Kb6
63. Bc6 Ka7 64. Bb7 Kb8 65. d8=Q+ Ka7 66. Qd1 Kb8 67. Bc8 Kc7 68. Bf5 Kb8 69. h6
Kc7 70. h7 Kb8 71. Bg6 Kc7 72. Bf7 Kb8 73. Qc2 Ka7 74. Qb3 Ka8 75. Kd7 Ka7 76. Kc7
Ka8 77. Qb7#  1-0

[Event "1. OEsterreichische Internet Schach Meisterschaft - Vorrunde 2"]
[Site "Online - Playchess.com"]
[Date ""]
[Round "2"]
[Board "15"]
[White "Postl, Anton"]
[Black "Polterauer, Chiara"]
[Result "1-0"]
[WhiteElo "2290"]
[BlackElo "2178"]
[PlyCount "107"]
[EventDate "2020.04.13"]
[EventRounds "9"]
[EventCountry "AUT"]

1. d4 Nf6 2. c4 c5 3. d5 e6 4. Nc3 exd5 5. cxd5 d6 6. Bf4 g6 7. e4 Bg7 8. Qa4+ Bd7
9. Qb3 O-O 10. Bxd6 Re8 11. f3 Ba4 12. Qxa4 Qxd6 13. Bb5 Re7 14. Nge2 a6 15. O-O
Nbd7 16. Bxd7 Nxd7 17. Rad1 Rae8 18. Qc2 b5 19. a3 c4 20. Kh1 Nc5 21. Nd4 Bxd4 22.
Rxd4 Nd3 23. Rxd3 cxd3 24. Qxd3 f5 25. Rd1 fxe4 26. Nxe4 Qe5 27. d6 Rd7 28. Rd2 Kg7
29. g3 Rf8 30. Kg2 Rfd8 31. f4 Qe6 32. Qd4+ Kg8 33. Nf6+ Kf7 34. Nxd7 Rxd7 35. h3
h5 36. Qe5 Qc4 37. Kh2 Qb3 38. Qd5+ Qxd5 39. Rxd5 Ke6 40. Rd2 Kf5 41. Kg2 Ke4 42.
Kf2 a5 43. Re2+ Kf5 44. Re5+ Kf6 45. Rd5 Ke6 46. Rd2 a4 47. Kf3 Kf5 48. g4+ hxg4+
49. hxg4+ Ke6 50. Ke4 Kf6 51. Kd5 g5 52. fxg5+ Kxg5 53. Kc6 Rh7 54. d7  1-0

[Event "1. OEsterreichische Internet Schach Meisterschaft - Vorrunde 2"]
[Site "Online - Playchess.com"]
[Date ""]
[Round "2"]
[Board "16"]
[White "Wohlfahrt, Herbert"]
[Black "Schloffer, Jasmin-Denise"]
[Result "1-0"]
[WhiteElo "2285"]
[BlackElo "2110"]
[PlyCount "113"]
[EventDate "2020.04.13"]
[EventRounds "9"]
[EventCountry "AUT"]

1. Nf3 Nf6 2. c4 e6 3. g3 Be7 4. Bg2 O-O 5. O-O d5 6. d4 dxc4 7. Qc2 a6 8. Qxc4 b5
9. Qc2 Bb7 10. Bg5 Be4 11. Qc1 Nbd7 12. Nbd2 Bb7 13. Nb3 c6 14. Rd1 Rc8 15. Bxf6
Nxf6 16. Nc5 Bxc5 17. Qxc5 Re8 18. Rac1 Qe7 19. Qxe7 Rxe7 20. Ne5 Nd5 21. a3 Rec7
22. Rc5 f6 23. Nd3 Kf7 24. Rdc1 Ke7 25. Bh3 g5 26. e3 h5 27. R5c2 Kd6 28. Nc5 g4
29. Bg2 a5 30. Nd3 Rh8 31. e4 Nb6 32. e5+ fxe5 33. Nxe5 Nd5 34. Re2 Rhc8 35. Nd3
Rf8 36. Nc5 Re7 37. Rce1 Bc8 38. Re5 Rf5 39. Bxd5 cxd5 40. Rxf5 exf5 41. Rxe7 Kxe7
42. Nd3 Kf6 43. Nf4 Bb7 44. Nxh5+ Kg5 45. Nf4 b4 46. axb4 axb4 47. Nd3 b3 48. Nc5
Bc8 49. Nxb3 f4 50. Nd2 f3 51. Kf1 Ba6+ 52. Ke1 Kf5 53. Kd1 Bd3 54. Nb3 Be2+ 55.
Kd2 Ke4 56. Kc3 Bc4 57. Nd2+  1-0

[Event "1. OEsterreichische Internet Schach Meisterschaft - Vorrunde 2"]
[Site "Online - Playchess.com"]
[Date ""]
[Round "2"]
[Board "17"]
[White "Enoeckl, Philipp"]
[Black "Katter, Katharina"]
[Result "1-0"]
[WhiteElo "2276"]
[BlackElo "1930"]
[PlyCount "61"]
[EventDate "2020.04.13"]
[EventRounds "9"]
[EventCountry "AUT"]

1. d4 Nf6 2. Bg5 d5 3. e3 Nbd7 4. c4 c6 5. Nc3 g6 6. Nf3 Bg7 7. Rc1 O-O 8. Qc2 h6
9. Bh4 g5 10. Bg3 Re8 11. cxd5 cxd5 12. Be2 a6 13. O-O Nf8 14. Na4 Bd7 15. Bc7 Bxa4
16. Qxa4 Qd7 17. Qb3 e6 18. Ne5 Qe7 19. Qxb7 Rab8 20. Qxa6 Rxb2 21. Bb5 N6d7 22.
Nxd7 Nxd7 23. a4 e5 24. Bxe5 Bxe5 25. dxe5 Rf8 26. Rc7 Rd8 27. Qxh6 Qf8 28. Qxg5+
Qg7 29. Qxg7+ Kxg7 30. Rxd7 Rxd7 31. Bxd7  1-0

[Event "1. OEsterreichische Internet Schach Meisterschaft - Vorrunde 2"]
[Site "Online - Playchess.com"]
[Date ""]
[Round "2"]
[Board "18"]
[White "Fugger, Christian"]
[Black "Belke, Frank"]
[Result "0-1"]
[WhiteElo "1818"]
[BlackElo "2273"]
[PlyCount "72"]
[EventDate "2020.04.13"]
[EventRounds "9"]
[EventCountry "AUT"]

1. d4 Nf6 2. c4 g6 3. Nc3 d5 4. Nf3 Bg7 5. Qb3 dxc4 6. Qxc4 a6 7. a4 O-O 8. e4 b5
9. Qb3 c5 10. dxc5 Be6 11. Qc2 b4 12. Nd5 Nxd5 13. exd5 Bxd5 14. Be2 Nc6 15. O-O
e6 16. Be3 Qa5 17. Rfd1 b3 18. Qb1 Rab8 19. Nd4 Nb4 20. c6 Bxd4 21. Bxd4 Nc2 22.
Bc3 Qc7 23. Bxa6 Qxc6 24. Bb5 Qb7 25. Qc1 Nxa1 26. Qxa1 Bxg2 27. a5 Qf3 28. Bf1 Bxf1
29. Rxf1 Rb5 30. Bd2 Rd8 31. Qd1 Qxd1 32. Rxd1 Rbd5 33. a6 Rxd2 34. Rxd2 Rxd2 35.
a7 Rd1+ 36. Kg2 Ra1  0-1

[Event "1. OEsterreichische Internet Schach Meisterschaft - Vorrunde 2"]
[Site "Online - Playchess.com"]
[Date ""]
[Round "2"]
[Board "19"]
[White "Riemelmoser, Stefan"]
[Black "Neuschmied, Siegfried"]
[Result "0-1"]
[WhiteElo "2046"]
[BlackElo "2268"]
[PlyCount "104"]
[EventDate "2020.04.13"]
[EventRounds "9"]
[EventCountry "AUT"]

1. e4 d6 2. d4 Nf6 3. Nc3 g6 4. f3 c6 5. Be3 b5 6. Qd2 Nbd7 7. Bh6 Bxh6 8. Qxh6 Bb7
9. h4 Qa5 10. Qd2 a6 11. Nh3 h6 12. Nf4 Qc7 13. Bd3 O-O-O 14. O-O-O Kb8 15. d5 c5
16. Be2 Nb6 17. g4 Nfd7 18. g5 h5 19. Nd3 Nc4 20. Qe1 Qa5 21. Nf2 Ndb6 22. Bxc4 Nxc4
23. Kb1 Qb4 24. Nd3 Qa5 25. Ne2 Qc7 26. f4 a5 27. Ng3 a4 28. f5 b4 29. Rf1 gxf5 30.
Rxf5 Rdf8 31. Qf2 b3 32. cxb3 axb3 33. a3 Ba6 34. Nc1 Na5 35. Rxf7 Rxf7 36. Qxf7
c4 37. Nf5 c3 38. Re1 cxb2 39. Nxb3 Nxb3 40. Qg7 Nd2+ 41. Kxb2 Qb6+ 42. Ka2 Bc4+
43. Ka1 Rc8 44. Qb2 Nb3+ 45. Kb1 Bd3+ 46. Ka2 Bc4 47. Kb1 Rc7 48. Re3 Rb7 49. Ng3
Nd2+ 50. Kc2 Qxb2+ 51. Kd1 Bb3+ 52. Ke2 Qc2  0-1

[Event "1. OEsterreichische Internet Schach Meisterschaft - Vorrunde 2"]
[Site "Online - Playchess.com"]
[Date ""]
[Round "2"]
[Board "20"]
[White "Hofer, Maximilian"]
[Black "Peyrer, Konstantin"]
[Result "0-1"]
[WhiteElo "2108"]
[BlackElo "2265"]
[PlyCount "85"]
[EventDate "2020.04.13"]
[EventRounds "9"]
[EventCountry "AUT"]

1. e4 e5 2. Nf3 Nc6 3. Bc4 Nf6 4. d4 exd4 5. O-O Nxe4 6. Re1 d5 7. Bxd5 Qxd5 8. Nc3
Qa5 9. Nxe4 Be7 10. Bg5 Be6 11. Bxe7 Nxe7 12. Neg5 O-O-O 13. Nxe6 fxe6 14. Rxe6 Nc6
15. Qd3 g5 16. Rae1 g4 17. Nd2 Rhf8 18. a3 Qg5 19. b4 Qf4 20. R1e2 Rd5 21. R6e4 Qf5
22. g3 Ne5 23. Rxe5 Rxe5 24. Qxf5+ Rfxf5 25. Rxe5 Rxe5 26. Nb3 Re4 27. Kg2 b6 28.
h3 h5 29. hxg4 hxg4 30. Kf1 Kd7 31. Kg2 Kd6 32. Kf1 Kd5 33. Nd2 Re8 34. f4 gxf3 35.
Nxf3 Re3 36. Kf2 Rxa3 37. Nd2 c5 38. bxc5 bxc5 39. Nb3 Ra2 40. Kf3 Rxc2 41. g4 Rc3+
42. Kf4 Rxb3 43. g5  0-1

[Event "1. OEsterreichische Internet Schach Meisterschaft - Vorrunde 2"]
[Site "Online - Playchess.com"]
[Date ""]
[Round "2"]
[Board "21"]
[White "Gartmayer, Stefan"]
[Black "Perhinig, Robert"]
[Result "0-1"]
[WhiteElo "1914"]
[BlackElo "2252"]
[PlyCount "90"]
[EventDate "2020.04.13"]
[EventRounds "9"]
[EventCountry "AUT"]

1. d4 d5 2. Nf3 Nf6 3. c4 c6 4. Nc3 dxc4 5. a4 Bf5 6. e3 e6 7. Bxc4 Bb4 8. O-O O-O
9. Qe2 Bg6 10. Rd1 Nbd7 11. h3 Qa5 12. Bd2 e5 13. dxe5 Nxe5 14. Nxe5 Qxe5 15. Be1
Rad8 16. a5 Bd6 17. g3 Bh5 18. f4 Bxe2 19. fxe5 Bxd1 20. exf6 Bh5 21. fxg7 Kxg7 22.
Ne4 Be5 23. Bc3 Bxc3 24. bxc3 Bg6 25. Nc5 b6 26. axb6 axb6 27. Nb3 b5 28. Bf1 Ra8
29. Rc1 Ra2 30. Nd4 Be4 31. c4 b4 32. c5 Rfa8 33. Nb3 Rb2 34. Bc4 Rg2+ 35. Kf1 Raa2
36. Nd4 Raf2+ 37. Ke1 Rh2 38. Rd1 Rfg2 39. Ne2 Rh1+ 40. Kd2 Rxd1+ 41. Kxd1 Bf3 42.
Ke1 Bxe2 43. Bxe2 b3 44. Kf1 Rxe2 45. Kxe2 b2  0-1

[Event "1. OEsterreichische Internet Schach Meisterschaft - Vorrunde 2"]
[Site "Online - Playchess.com"]
[Date ""]
[Round "2"]
[Board "22"]
[White "Gallob, Marko"]
[Black "Hiermann, Dietmar"]
[Result "0-1"]
[WhiteElo "1961"]
[BlackElo "2250"]
[PlyCount "76"]
[EventDate "2020.04.13"]
[EventRounds "9"]
[EventCountry "AUT"]

1. e4 e5 2. Nf3 Nc6 3. Bc4 Bc5 4. b4 Bxb4 5. c3 Ba5 6. d4 exd4 7. O-O Nge7 8. cxd4
O-O 9. Bg5 d6 10. Nbd2 Bg4 11. h3 Bh5 12. g4 Bg6 13. Nb3 Bb6 14. Re1 Kh8 15. e5 d5
16. Bd3 Qd7 17. e6 fxe6 18. Bxg6 Nxg6 19. Qd3 Rae8 20. a3 Qf7 21. Re3 e5 22. Qd2
e4 23. Nh4 Nxh4 24. Bxh4 Ne7 25. Bg3 c6 26. Nc5 Ng6 27. Rae1 Bc7 28. Kg2 Nf4+ 29.
Kh2 b6 30. Nd3 Nxd3 31. Bxc7 Qxc7+ 32. Kg1 Qd7 33. a4 Nxf2 34. Rf1 Nxh3+ 35. Rxh3
Qxg4+ 36. Kh2 Rxf1 37. Rg3 Qh4+ 38. Kg2 Qh1#  0-1

[Event "1. OEsterreichische Internet Schach Meisterschaft - Vorrunde 2"]
[Site "Online - Playchess.com"]
[Date ""]
[Round "2"]
[Board "23"]
[White "Gelbenegger, Patrick"]
[Black "Redhammer, Markus"]
[Result "1-0"]
[WhiteElo "2240"]
[BlackElo "1899"]
[PlyCount "55"]
[EventDate "2020.04.13"]
[EventRounds "9"]
[EventCountry "AUT"]

1. e4 d6 2. d4 g6 3. Nc3 Bg7 4. f4 Nf6 5. Nf3 O-O 6. Bd3 Bg4 7. h3 Bxf3 8. Qxf3 c6
9. Be3 Nbd7 10. O-O-O c5 11. dxc5 Nxc5 12. Bxc5 dxc5 13. e5 Nd7 14. Bb5 Nxe5 15.
Rxd8 Nxf3 16. Rxa8 Rxa8 17. gxf3 a6 18. Bc4 b5 19. Bd5 Rd8 20. Rd1 Bd4 21. Bb7 b4
22. Nd5 Rd7 23. Bc6 Rd6 24. c3 bxc3 25. bxc3 Kf8 26. Ba8 Bg7 27. Nc7 Rf6 28. Rd8#
 1-0

[Event "1. OEsterreichische Internet Schach Meisterschaft - Vorrunde 2"]
[Site "Online - Playchess.com"]
[Date ""]
[Round "2"]
[Board "24"]
[White "Rosol, Philip"]
[Black "Bauer, Sebastian"]
[Result "0-1"]
[WhiteElo "1468"]
[BlackElo "2237"]
[PlyCount "60"]
[EventDate "2020.04.13"]
[EventRounds "9"]
[EventCountry "AUT"]

1. e4 e5 2. Nf3 Nc6 3. Bb5 a6 4. Bxc6 dxc6 5. O-O f6 6. d4 exd4 7. Nxd4 Bc5 8. Nb3
Qxd1 9. Rxd1 Bd6 10. Nc3 Ne7 11. f4 a5 12. a4 O-O 13. g3 b6 14. Kg2 Bb7 15. Be3 c5
16. Nb5 Bxe4+ 17. Kf2 Nf5 18. g4 Nxe3 19. Kxe3 Rfe8 20. Nxd6 cxd6 21. Kd2 Bf3 22.
Re1 Bxg4 23. Re3 Rxe3 24. Kxe3 Re8+ 25. Kd2 Re2+ 26. Kc3 Bf5 27. Rc1 d5 28. Na1 Rxh2
29. Re1 Kf7 30. Nb3 Rxc2#  0-1